| 000 | 01083nam a22002657a 4500 | ||
|---|---|---|---|
| 001 | 655 | ||
| 005 | 20230926102140.0 | ||
| 020 | _a9781400312269 (pbk.) | ||
| 020 | _a1400312264 (pbk.) | ||
| 040 |
_aDLC _cDLC _dDLC _beng |
||
| 050 | 0 | 0 |
_aBV1585 _b.P57 1999 |
| 100 | _aMetaxas, Eric ; Kenney Cindy | ||
| 245 | 0 | 4 |
_aThe pirates who don't do anything / _bBig idea's Jonah a veggietales movie |
| 260 |
_aUnited States: _bBig Idea, _c2002. |
||
| 300 |
_a23 pages : _billustrations ; _c29 cm. |
||
| 505 | _aH | ||
| 520 | _aPa Grape, one of the Pirates Who Don't Do Anything, tells of the Pirates' one adventure, when they sailed with a man named Jonah, were caught in a storm, made Jonah walk the plank, then tried to rescue him from the whale that swallowed him. | ||
| 521 |
_a480
_bLexile estimate |
||
| 650 | 0 | _aChristian vacation schools. | |
| 650 | 0 | _aChristian education of children. | |
| 650 | 0 |
_aChristian education _xCurricula _vTextbooks. |
|
| 650 | 0 |
_aChristian education _xActivity programs. |
|
| 906 |
_a7 _bcbc _corignew _d2 _encip _f20 _gy-gencatlg |
||
| 942 |
_2ddc _cBK _n0 |
||
| 999 |
_c655 _d655 |
||